<?xml version="1.0" encoding="UTF-8"?><marc:collection xmlns:marc="http://www.loc.gov/MARC21/slim">
  <marc:record>
    <marc:leader>00000nam##2200000za#4500</marc:leader>
    <marc:controlfield tag="001">9.632926</marc:controlfield>
    <marc:controlfield tag="003">CaOODSP</marc:controlfield>
    <marc:controlfield tag="005">20210624215054</marc:controlfield>
    <marc:controlfield tag="007">cr |||||||||||</marc:controlfield>
    <marc:controlfield tag="008">150407|1995||||xxc|||||o    f|0| 0 fre|d</marc:controlfield>
    <marc:datafield tag="040" ind1=" " ind2=" ">
      <marc:subfield code="a">CaOODSP</marc:subfield>
      <marc:subfield code="b">fre</marc:subfield>
    </marc:datafield>
    <marc:datafield tag="043" ind1=" " ind2=" ">
      <marc:subfield code="a">n-cn---</marc:subfield>
    </marc:datafield>
    <marc:datafield tag="086" ind1="1" ind2=" ">
      <marc:subfield code="a">SW21-15/1995F-PDF</marc:subfield>
    </marc:datafield>
    <marc:datafield tag="110" ind1="1" ind2=" ">
      <marc:subfield code="a">Canada. </marc:subfield>
      <marc:subfield code="b">Condition féminine Canada.</marc:subfield>
    </marc:datafield>
    <marc:datafield tag="245" ind1="1" ind2="0">
      <marc:subfield code="a">À l'aube du XXIe siècle : </marc:subfield>
      <marc:subfield code="h">[ressource électronique]</marc:subfield>
      <marc:subfield code="b">plan fédéral pour l'égalité entre les sexes </marc:subfield>
    </marc:datafield>
    <marc:datafield tag="260" ind1=" " ind2=" ">
      <marc:subfield code="a">Ottawa - Ontario : </marc:subfield>
      <marc:subfield code="b">Condition féminine Canada </marc:subfield>
      <marc:subfield code="c">1995.</marc:subfield>
    </marc:datafield>
    <marc:datafield tag="300" ind1=" " ind2=" ">
      <marc:subfield code="a">80p.</marc:subfield>
      <marc:subfield code="b">index</marc:subfield>
    </marc:datafield>
    <marc:datafield tag="500" ind1=" " ind2=" ">
      <marc:subfield code="a">«Le Canada, à l'instar des autres pays membres des Nations Unies, a été invité à formuler un plan national pour l'avancement de la condition féminine à la fois à l'intérieur de ses frontières et à l'échelle mondiale. Le Plan fédéral pour l'égalité entre les sexes constitue la réponse du Canada à cet appel et sa contribution à la réalisation des objectifs de la Plate-forme d'action mondiale qui doit être adoptée à la quatrième Conférence mondiale des Nations Unies sur les femmes qui se déroulera à Bejing, en Chine, en septembre 1995.»--Sommaire.</marc:subfield>
    </marc:datafield>
    <marc:datafield tag="500" ind1=" " ind2=" ">
      <marc:subfield code="a">Le n° de catalogue et l’ISBN de l'édition imprimée bilingue ont été incorrectement copiés dans l’édition électronique.</marc:subfield>
    </marc:datafield>
    <marc:datafield tag="520" ind1="3" ind2=" ">
      <marc:subfield code="a">Le Canada, à l'instar des autres pays membres des Nations Unies, a été invité à formuler un plan national pour l'avancement de la condition féminine à la fois à l'intérieur de ses frontières et à l'échelle mondiale. Le Plan fédéral pour l'égalité entre les sexes constitue la réponse du Canada à cet appel et sa contribution à la réalisation des objectifs de la Plate-forme d'action mondiale qui doit être adoptée à la quatrième Conférence mondiale des Nations Unies sur les femmes qui se déroulera à Bejing, en Chine, en septembre 1995.--Sommaire</marc:subfield>
    </marc:datafield>
    <marc:datafield tag="590" ind1=" " ind2=" ">
      <marc:subfield code="a">06-10-Supp</marc:subfield>
      <marc:subfield code="b">2006-12-15</marc:subfield>
    </marc:datafield>
    <marc:datafield tag="691" ind1="0" ind2="7">
      <marc:subfield code="a">Politique gouvernementale</marc:subfield>
      <marc:subfield code="2">gcpds</marc:subfield>
    </marc:datafield>
    <marc:datafield tag="691" ind1="0" ind2="7">
      <marc:subfield code="a">Égalité des sexes</marc:subfield>
      <marc:subfield code="2">gcpds</marc:subfield>
    </marc:datafield>
    <marc:datafield tag="691" ind1="0" ind2="7">
      <marc:subfield code="a">Égalité des chances</marc:subfield>
      <marc:subfield code="2">gcpds</marc:subfield>
    </marc:datafield>
    <marc:datafield tag="691" ind1="0" ind2="7">
      <marc:subfield code="a">Équité en matière d'emploi</marc:subfield>
      <marc:subfield code="2">gcpds</marc:subfield>
    </marc:datafield>
    <marc:datafield tag="775" ind1="0" ind2="8">
      <marc:subfield code="t">Setting the stage for the next century : </marc:subfield>
      <marc:subfield code="w">(CaOODSP)9.688501</marc:subfield>
    </marc:datafield>
    <marc:datafield tag="776" ind1="0" ind2="#">
      <marc:subfield code="t">Setting the stage for the next century : </marc:subfield>
      <marc:subfield code="w">(CaOODSP)9.657839</marc:subfield>
    </marc:datafield>
    <marc:datafield tag="776" ind1="0" ind2="#">
      <marc:subfield code="t">Ä l'aube du XXIe siècle : </marc:subfield>
      <marc:subfield code="w">(CaOODSP)9.657840</marc:subfield>
    </marc:datafield>
    <marc:datafield tag="856" ind1="4" ind2="0">
      <marc:subfield code="a">http://publications.gc.ca</marc:subfield>
      <marc:subfield code="q">PDF</marc:subfield>
      <marc:subfield code="s">211 Ko</marc:subfield>
      <marc:subfield code="u">https://publications.gc.ca/collections/Collection/SW21-15-1995F.pdf </marc:subfield>
    </marc:datafield>
  </marc:record>
</marc:collection>
